000 00749nam a2200253 i 4500
001 132279
003 ES-MaACL
005 20231228062701.0
007 t|
008 070214m19701980sp r ||||1| spa d
080 _a612(075.8)
080 _a616(075.8)
100 1 _aRomero, Enrique.
_999321
245 1 0 _aPatología general y fisiopatología /
_cpor Enrique Romero ; prólogo del prof. Gregorio Marañón.
250 _a3ª ed.
260 _aMadrid :
_bAlhambra,
_c1970-1980.
300 _a2 v. :
_bil. ;
_c25 cm.
595 _aEl v. 2 es 4ª ed.
650 4 _aPatología.
_915884
650 4 _aFisiopatología.
_9141533
700 1 _aMarañón, Gregorio,
_d1887-1960
_976311
852 4 _aES-MaACL
_jL-2181-82
999 _c132279
_d132279